000 01064nam a22002417a 4500
003 OSt
005 20250912163106.0
008 240208b ||||| |||| 00| 0 eng d
040 _c0
082 _aDPer 621.381 In821 April 2022 v. 37 n. 4
100 _aLiu, Chengkai.
_eauthor.
_952093
245 _aSubmodule open-circuit fault detection for modular multilevel converters under light load condition with rearranged bleeding resistor circuit /
_cChengkai Liu, Fujin Deng, Xu Cai, Zheng Wang, Zhe Che, and Frede Blaabjerg.
260 _aNew York ;
_bThe Institute of Electrical and Electronics Engineers, Inc. ,
_cApril 2022.
300 _aVolume 37, pages 4600-4613
_billustration ;
_c28 cm.
500 _aIEEE Transaction on Power Electronics, vol. 37, no. 4, , April 2022.
700 _aLiu, Chengkai.
_eauthor.
_952093
700 _aDeng, Fuji.
_eauthor.
_952094
700 _aCai, Xu.
_eauthor.
_952095
700 _aWang, Zheng.
_eauthor.
_952096
700 _aChe, Zhe.
_eauthor.
_952097
700 _aBlaabjerg, Frede.
_eauthor.
_952098
942 _2ddc
_cPER
999 _c19059
_d19059